The theology of the New Testament / (Record no. 4191)

MARC details
000 -LEADER
fixed length control field 00853cam a22002651a 4500
001 - CONTROL NUMBER
control field 8294287
003 - CONTROL NUMBER IDENTIFIER
control field GBCCL
005 - DATE AND TIME OF LATEST TRANSACTION
control field 20241126110513.0
008 - FIXED-LENGTH DATA ELEMENTS--GENERAL INFORMATION
fixed length control field 720816s1902 nyu b 001 0 eng
010 ## -
-- 34030357
035 ## - SYSTEM CONTROL NUMBER
System control number (OCoLC)383598
040 ## - CATALOGING SOURCE
Original cataloging agency DLC
Transcribing agency ODaWU
Modifying agency OCoLC
-- TxKT
-- DLC
042 ## -
-- premarc
050 00 -
-- BS2361
-- .S8 1902
082 ## - DEWEY DECIMAL CLASSIFICATION NUMBER
Classification number 225.6
Item number STE
100 1# - MAIN ENTRY--PERSONAL NAME
Personal name Stevens, George Barker,
Dates associated with a name 1854-1906.
9 (RLIN) 7965
245 14 - TITLE STATEMENT
Title The theology of the New Testament /
Statement of responsibility, etc. by George Barker Stevens.
260 ## - PUBLICATION, DISTRIBUTION, ETC.
Place of publication, distribution, etc. New York :
Name of publisher, distributor, etc. C. Scribner's Sons,
Date of publication, distribution, etc. 1902, c1899.
300 ## - PHYSICAL DESCRIPTION
Extent xvi, 617 p. ;
Dimensions 22 cm.
490 0# - SERIES STATEMENT
Series statement International theological library
504 ## - BIBLIOGRAPHY, ETC. NOTE
Bibliography, etc. note Includes bibliographical references and indexes.
630 00 - SUBJECT ADDED ENTRY--UNIFORM TITLE
Uniform title Bible.
Name of part/section of a work New Testament
General subdivision Theology.
9 (RLIN) 2335
906 ## - LOCAL DATA ELEMENT F, LDF (RLIN)
a 7
b cbc
c oclcrpl
d u
e ncip
f 19
g y-gencatlg
942 ## - ADDED ENTRY ELEMENTS (KOHA)
Source of classification or shelving scheme Dewey Decimal Classification
Koha item type Books
Koha issues (borrowed), all copies 13
Holdings
Withdrawn status Lost status Source of classification or shelving scheme Damaged status Not for loan Home library Current Library Shelving location Date acquired Total checkouts Total renewals Full call number Barcode Date last seen Date last checked out Copy number Price effective from Koha item type
    Dewey Decimal Classification     GRACE BIBLE COLLEGE GRACE BIBLE COLLEGE Biblical Studies 2018-01-16 13 1 225.6 STE 003531 2025-05-01 2024-09-06 c.1 2018-01-16 Books
© Grace Bible College Library 2025